000 00667nam a2200253Ia 4500
003 OSt
005 20220918163442.0
006 a|||||r|||| 00| 0
007 ta
008 220917b |||||||| |||| 00| 0 eng d
020 _a0006510671
024 _a239,856
037 _cTextual
040 _aARTS
_cARTS
_beng
041 _2eng
_aeng
082 _aO111,3MLU,3, N7
100 _aLudlum Robert
_913233
245 0 _aMatarese countdown
260 _aLondon
_bHarper Collins Publishers UK
_c1997
300 _a487p.
_ccm.
650 _aENGLISH LITERATURE
942 _hO111,3MLU,3, N7
_cTEXL
_2CC
999 _c119683
_d119683